00594 2200217 4500001002100000005001700021008004100038035002400079082001300103090002000116100001800136245007700154250001100231260003000242300002500272650003200297850001500329980001100344985000600355999001500361YOGYA-0209000000502620090227020754.0 ind  0010-020900000005026 a001.6424 a001.6424bKas M aKASATA, Dodon aMengetik secara profesional dengan wordstar 5cdisusun oleh Dodon Kasata aCet. 5 aJakartabDinastindoc1991 a161 hlmbilusc21 cm aWordstar (Program komputer) aYOPDYOG(B) a260505 a1 a94P0050379